000 00783nam a2200241 i 4500
001 bg
100 1 _aSANTOW, Leonard Jay
245 1 0 _aThe budget deficit :
_bthe causes, the costs, the outlook /
_cLeonard Jay Santow.
260 _aNew York :
_bNew York Institute of Finance,
_c1988.
300 _aXXVIII, 254 s. :
_brys., wykr. ;
_c24 cm.
504 _aIndex.
650 9 _aBudżet państwowy
_xzagadnienia
_zStany Zjednoczone
650 9 _aPodatek
_xzagadnienia
_zStany Zjednoczone
650 9 _aFinanse
_xzagadnienia
_zStany Zjednoczone
650 9 _aRynek pieniężny
_xzagadnienia
_zStany Zjednoczone
020 _a0130850853
040 _cBPK
041 0 _aen
080 _a336(7)
920 _a0-13-085085-3
942 _cKS
008 s pl f |000 0 pol
999 _c32749
_d32749
856 _uhttp://koha.tu.koszalin.pl/cgi-bin/koha/opac-detail.pl?biblionumber=32749
_yKatalog online BPK